Ley nacional de empleo 24013 /
Guardado en:
| Formato: | Libro |
|---|---|
| Publicado: |
: ,
1991
|
| Materias: | |
| Etiquetas: |
Agregar Etiqueta
Sin Etiquetas, Sea el primero en etiquetar este registro!
|
| LEADER | 00430nam a22001695a 4500 | ||
|---|---|---|---|
| 001 | CEM.cems009747 | ||
| 005 | 20100601094553.0 | ||
| 008 | 130507s1991##################000#0#####d | ||
| 003 | CEMS | ||
| 082 | 0 | 4 | |a F348.6 |
| 245 | 0 | 0 | |a Ley nacional de empleo 24013 / |
| 260 | |a : , |c 1991 | ||
| 300 | |a 17 p. | ||
| 653 | |a Empleo | ||
| 653 | |a Ley 24013 | ||
| 653 | |a Ley nacional de empleo | ||
| 859 | |a CEMS |b BIB. CEMS - 11 de abril |h F348.6 |i 2 |p 1559.44 |t Ej.1 | ||
